000
00263nam a22001217a 4500
003
SGT
082
_a
618.2
_b
C15P
100
_a
PURI, MANJU
245
_a
CLINICAL METHODS IN OBST. AND GYNE.
260
_a
INDIA
_b
JAYPEE
_c
2015
300
_a
500
942
_2
ddc
_c
BK
_0
10
999
_c
14152
_d
14152